Statistics for Tutti a Caso - Presenze e reti

Click here to take the quiz!

General Stats

  • This quiz has been taken 9 times
    (8 since last reset)
  • The average score is 14 of 26

Answer Stats

Presenze (reti) Giocatore % Correct
31 (22)Francesco Salustri
100%
23 (7)Francesco 'Trottolino' Scambia
100%
62 (65)Francesco 'Noky' Scambia
100%
36 (11)Francesco Morini
100%
284 (339)Giovanni Scambia
50%
28 (5)Stefano De Salvo
50%
224 (196)Andrea Corsi
50%
22 (25)Valerio Volpato
50%
20 (0)Cristian Antonioli
50%
13 (12)Matteo Lamonarca
50%
17 (0)Massimo Cimò
50%
20 (0)Angelo Marolla
50%
138 (15)Stefano Scambia
50%
35 (22)Mirko Leo
50%
143 (111)Alfredo Avallone
50%
107 (35)Roberto Apolloni
50%
124 (122)Andrea 'Supéérr' Leboroni
50%
36 (30)Porco
50%
49 (23)Gufo anticalcio
50%
48 (0)Giacomo Bonzagni
50%
328 (747)Capitan passato, presente e futuro: il divin Gaetano
50%
46 (31)Antonio Piscopo
50%
14 (4)Dimitri Genovese
25%
25 (7)Gianluca La Licata
25%
82 (58)Ivano Collini
25%
13 (2)Marcello Mucciarone
0%

Score Distribution

Percentile by Number Answered

Percent of People with Each Score

Your Score History

You have not taken this quiz since the last reset